[Event "Bundesliga 9596"]
[Site "Deutschland"]
[Date "1996.??.??"]
[Round "?.2"]
[White "Kilian, Ralf"]
[Black "Huebner, Robert"]
[Result "1/2-1/2"]
[WhiteElo "2210"]
[BlackElo "2635"]
[PlyCount "105"]
[EventDate "1995.10.??"]
[EventType "team"]
[EventRounds "15"]
[EventCountry "GER"]
[SourceTitle "Bundesliga 9596"]
[Source "DeepChess"]
[SourceDate "2005.01.01"]
[SourceVersion "1"]
[SourceVersionDate "2005.01.01"]
[SourceQuality "1"]
[WhiteTeam "PSV Turm Duisburg 1920 e.V."]
[BlackTeam "SG Porz e.V."]
[WhiteTeamCountry "GER"]
[BlackTeamCountry "GER"]

1. e4 c5 2. Nf3 e6 3. d4 cxd4 4. Nxd4 Nc6 5. Nb5 d6 6. c4 Nf6 7. N5c3 Be7 8.
Be2 O-O 9. O-O b6 10. b3 Bb7 11. f4 d5 12. e5 Bc5+ 13. Kh1 Ne4 14. cxd5 exd5
15. Nxe4 dxe4 16. Ba3 Qe7 17. Bxc5 Qxc5 18. Qc1 Qe7 19. Nc3 Nd4 20. Bc4 Rfd8
21. Ne2 Nf5 22. Ng3 Nxg3+ 23. hxg3 Qc5 24. Re1 Kf8 25. Qe3 Qxe3 26. Rxe3 Rd2
27. a4 Rad8 28. Rae1 Ke7 29. Kg1 h5 30. Be2 g6 31. Bc4 f5 32. exf6+ Kxf6 33.
R3e2 Kf5 34. Kf2 g5 35. Ke3 Rxe2+ 36. Bxe2 gxf4+ 37. gxf4 Rg8 38. Rh1 Rxg2 39.
Rxh5+ Kg6 40. Rh3 Bd5 41. Bc4 Bxc4 42. bxc4 Rc2 43. Kxe4 Rxc4+ 44. Ke5 Rxa4 45.
f5+ Kg7 46. f6+ Kg8 47. Rg3+ Kf8 48. Rc3 Ra1 49. Rc8+ Kf7 50. Rc7+ Kf8 51. Rc8+
Kf7 52. Rc7+ Kf8 53. Rc8+ 1/2-1/2

[Event "Bundesliga 9596"]
[Site "Deutschland"]
[Date "1996.??.??"]
[Round "?.5"]
[White "Stangl, Markus"]
[Black "Dinstuhl, Burghard"]
[Result "1-0"]
[WhiteElo "2565"]
[BlackElo "2335"]
[PlyCount "55"]
[EventDate "1995.10.??"]
[EventType "team"]
[EventRounds "15"]
[EventCountry "GER"]
[SourceTitle "Bundesliga 9596"]
[Source "DeepChess"]
[SourceDate "2005.01.01"]
[SourceVersion "1"]
[SourceVersionDate "2005.01.01"]
[SourceQuality "1"]
[WhiteTeam "SG Porz e.V."]
[BlackTeam "PSV Turm Duisburg 1920 e.V."]
[WhiteTeamCountry "GER"]
[BlackTeamCountry "GER"]

1. Nf3 e6 2. c4 Nf6 3. g3 b6 4. Bg2 Bb7 5. Nc3 c5 6. O-O Be7 7. Re1 d6 8. e4 a6
9. d4 cxd4 10. Nxd4 Qc7 11. Be3 O-O 12. Rc1 Nbd7 13. f4 Rac8 14. f5 e5 15. Nb3
Qb8 16. Nd2 Bc6 17. g4 b5 18. g5 Ne8 19. Bh3 Bd8 20. Qh5 Bb6 21. f6 Rc7 22.
cxb5 axb5 23. b4 Kh8 24. Nd1 Qa7 25. Kf1 Bd4 26. Rc3 Nb6 27. Bf5 h6 28. fxg7+
1-0

[Event "Bundesliga 9596"]
[Site "Deutschland"]
[Date "1996.??.??"]
[Round "?.6"]
[White "Sirringhaus, Wilfried"]
[Black "Hickl, Joerg"]
[Result "0-1"]
[WhiteElo "2078"]
[BlackElo "2580"]
[PlyCount "66"]
[EventDate "1995.10.??"]
[EventType "team"]
[EventRounds "15"]
[EventCountry "GER"]
[SourceTitle "Bundesliga 9596"]
[Source "DeepChess"]
[SourceDate "2005.01.01"]
[SourceVersion "1"]
[SourceVersionDate "2005.01.01"]
[SourceQuality "1"]
[WhiteTeam "PSV Turm Duisburg 1920 e.V."]
[BlackTeam "SG Porz e.V."]
[WhiteTeamCountry "GER"]
[BlackTeamCountry "GER"]

1. e4 g6 2. d4 d6 3. Nc3 c6 4. Be3 Bg7 5. Be2 Nf6 6. h4 h5 7. Nh3 Bxh3 8. Rxh3
Nbd7 9. Qd2 b5 10. f3 a6 11. O-O-O Qc7 12. Qe1 Rc8 13. Qg1 c5 14. dxc5 Nxc5 15.
Bxc5 dxc5 16. Qh2 Bh6+ 17. Kb1 Bf4 18. g3 Be5 19. Nd5 Nxd5 20. Rxd5 Bd4 21. f4
e6 22. Rg5 Bf6 23. g4 Bxg5 24. hxg5 h4 25. e5 Rd8 26. Rxh4 Rxh4 27. Qxh4 Ke7
28. a4 bxa4 29. Bd3 c4 30. Bxg6 Rd1+ 31. Ka2 c3 32. Bd3 Qb6 33. g6+ Kd7 0-1

[Event "Bundesliga 9596"]
[Site "Deutschland"]
[Date "1996.??.??"]
[Round "?.7"]
[White "Vogt, Lothar"]
[Black "Brandenburg, Hans Joachim"]
[Result "1-0"]
[WhiteElo "2490"]
[BlackElo "2053"]
[PlyCount "65"]
[EventDate "1995.10.??"]
[EventType "team"]
[EventRounds "15"]
[EventCountry "GER"]
[SourceTitle "Bundesliga 9596"]
[Source "DeepChess"]
[SourceDate "2005.01.01"]
[SourceVersion "1"]
[SourceVersionDate "2005.01.01"]
[SourceQuality "1"]
[WhiteTeam "SG Porz e.V."]
[BlackTeam "PSV Turm Duisburg 1920 e.V."]
[WhiteTeamCountry "GER"]
[BlackTeamCountry "GER"]

1. e4 d6 2. d4 Nf6 3. Nc3 g6 4. g3 Bg7 5. Bg2 O-O 6. Nge2 e5 7. h3 Nc6 8. Be3
exd4 9. Nxd4 Nxd4 10. Bxd4 Bd7 11. O-O Bc6 12. Qd3 a5 13. Rad1 Re8 14. Rfe1 Nd7
15. f4 Nc5 16. Bxc5 dxc5 17. e5 Bxg2 18. Kxg2 c6 19. Qc4 Qe7 20. Ne4 b6 21. Rd6
Rad8 22. Red1 Rxd6 23. Rxd6 Rd8 24. Qd3 Rxd6 25. Qxd6 Qxd6 26. Nxd6 f6 27. e6
Kf8 28. f5 Bh6 29. g4 Bf4 30. Nc8 b5 31. Na7 Bc1 32. b3 a4 33. bxa4 1-0

[Event "Bundesliga 9596"]
[Site "Deutschland"]
[Date "1996.??.??"]
[Round "?.8"]
[White "Groth, Klaus Ulrich"]
[Black "Van Wely, Loek"]
[Result "0-1"]
[WhiteElo "1869"]
[BlackElo "2570"]
[PlyCount "84"]
[EventDate "1995.10.??"]
[EventType "team"]
[EventRounds "15"]
[EventCountry "GER"]
[SourceTitle "Bundesliga 9596"]
[Source "DeepChess"]
[SourceDate "2005.01.01"]
[SourceVersion "1"]
[SourceVersionDate "2005.01.01"]
[SourceQuality "1"]
[WhiteTeam "PSV Turm Duisburg 1920 e.V."]
[BlackTeam "SG Porz e.V."]
[WhiteTeamCountry "GER"]
[BlackTeamCountry "GER"]

1. c4 g6 2. Nc3 Bg7 3. g3 Nf6 4. Bg2 O-O 5. d4 d6 6. e4 e5 7. dxe5 dxe5 8. Qxd8
Rxd8 9. Bg5 c6 10. Rd1 Re8 11. h3 Nbd7 12. Nge2 a5 13. Be3 Bf8 14. Nc1 Nc5 15.
Nd3 Nfd7 16. O-O a4 17. Rfe1 Nxd3 18. Rxd3 Bb4 19. Red1 a3 20. b3 Nc5 21. Bxc5
Bxc5 22. Rd8 Be6 23. Rxe8+ Rxe8 24. Bf1 Bd4 25. Ne2 Bb2 26. Nc1 Bxc1 27. Rxc1
Rd8 28. Rc2 Rd1 29. Kg2 Bxh3+ 30. Kxh3 Rxf1 31. Rd2 Kf8 32. Kg2 Ra1 33. Kf3 Ke7
34. Ke3 Rb1 35. Kd3 Rb2 36. Ke3 Rxd2 37. Kxd2 h5 38. Ke3 Kd6 39. Kf3 g5 40. Ke3
Kc5 41. f4 f6 42. fxg5 fxg5 0-1

[Event "Bundesliga 9596"]
[Site "Deutschland"]
[Date "1996.??.??"]
[Round "?.4"]
[White "Keitlinghaus, Ludger"]
[Black "Schmidt, Peter"]
[Result "1-0"]
[WhiteElo "2475"]
[BlackElo "2405"]
[PlyCount "61"]
[EventDate "1995.10.??"]
[EventType "team"]
[EventRounds "15"]
[EventCountry "GER"]
[SourceTitle "Bundesliga 9596"]
[Source "DeepChess"]
[SourceDate "2005.01.01"]
[SourceVersion "1"]
[SourceVersionDate "2005.01.01"]
[SourceQuality "1"]
[WhiteTeam "PSV Turm Duisburg 1920 e.V."]
[BlackTeam "SK Passau 1869"]
[WhiteTeamCountry "GER"]
[BlackTeamCountry "GER"]

1. e4 c6 2. d4 d5 3. exd5 cxd5 4. Bd3 Nc6 5. c3 Nf6 6. h3 g6 7. Bf4 Bf5 8. Be2
Be4 9. Nf3 Bxf3 10. Bxf3 Bg7 11. Nd2 O-O 12. Be2 Ne8 13. O-O Nd6 14. Re1 e6 15.
a4 Rc8 16. a5 Re8 17. Nb3 Nc4 18. a6 b5 19. Nc5 Nxb2 20. Qd2 b4 21. Qxb2 bxc3
22. Qc1 Nxd4 23. Nb7 Qd7 24. Nd6 c2 25. Nxc8 Nb3 26. Nd6 Nxc1 27. Bb5 Qc7 28.
Raxc1 Rd8 29. Ba4 e5 30. Nb7 Qa5 31. Nxa5 1-0

[Event "Bundesliga 9596"]
[Site "Deutschland"]
[Date "1996.??.??"]
[Round "?.5"]
[White "Pichler, Juergen"]
[Black "Enders, Peter"]
[Result "0-1"]
[WhiteElo "2420"]
[BlackElo "2495"]
[PlyCount "112"]
[EventDate "1995.10.??"]
[EventType "team"]
[EventRounds "15"]
[EventCountry "GER"]
[SourceTitle "Bundesliga 9596"]
[Source "DeepChess"]
[SourceDate "2005.01.01"]
[SourceVersion "1"]
[SourceVersionDate "2005.01.01"]
[SourceQuality "1"]
[WhiteTeam "SK Passau 1869"]
[BlackTeam "PSV Turm Duisburg 1920 e.V."]
[WhiteTeamCountry "GER"]
[BlackTeamCountry "GER"]

1. d4 Nf6 2. c4 g6 3. Nc3 Bg7 4. e4 d6 5. f4 O-O 6. Nf3 c5 7. d5 e6 8. Be2 exd5
9. cxd5 Bg4 10. O-O Nbd7 11. Re1 Re8 12. h3 Bxf3 13. Bxf3 a6 14. a4 Qa5 15. g4
h6 16. Be3 Rad8 17. Kg2 c4 18. Qd2 Nc5 19. Bxc5 Qxc5 20. h4 Nd7 21. a5 Qd4 22.
Qxd4 Bxd4 23. Na4 g5 24. Rad1 Ba7 25. e5 gxf4 26. exd6 Be3 27. Nc3 Nc5 28. Be2
Nb3 29. Bxc4 Nxa5 30. Ba2 b5 31. Kf3 Kg7 32. Ne4 b4 33. g5 b3 34. Bb1 Nc4 35.
Nf6 Rh8 36. Nh5+ Kf8 37. Nxf4 hxg5 38. hxg5 Bxf4 39. Kxf4 Nxb2 40. Rc1 Rh4+ 41.
Kg3 Rc4 42. Rxc4 Nxc4 43. Bd3 Nxd6 44. Ra1 Nb7 45. Bc4 Nc5 46. Kf4 Re8 47. Kf5
b2 48. Rg1 Rb8 49. Ba2 Na4 50. g6 Nc3 51. Rh1 fxg6+ 52. Ke6 Kg7 53. Bb1 Nxb1
54. Rxb1 a5 55. d6 a4 56. d7 a3 0-1

[Event "Bundesliga 9596"]
[Site "Deutschland"]
[Date "1996.??.??"]
[Round "?.6"]
[White "Thesing, Matthias"]
[Black "Baumhus, Reinhard"]
[Result "1/2-1/2"]
[WhiteElo "2415"]
[BlackElo "2360"]
[PlyCount "47"]
[EventDate "1995.10.??"]
[EventType "team"]
[EventRounds "15"]
[EventCountry "GER"]
[SourceTitle "Bundesliga 9596"]
[Source "DeepChess"]
[SourceDate "2005.01.01"]
[SourceVersion "1"]
[SourceVersionDate "2005.01.01"]
[SourceQuality "1"]
[WhiteTeam "PSV Turm Duisburg 1920 e.V."]
[BlackTeam "SK Passau 1869"]
[WhiteTeamCountry "GER"]
[BlackTeamCountry "GER"]

1. e4 Nc6 2. Nc3 d6 3. d4 Nf6 4. d5 Nb8 5. f4 c6 6. dxc6 Nxc6 7. Nf3 Bg4 8. Be3
g6 9. Bc4 Qa5 10. O-O Bg7 11. h3 Bxf3 12. Qxf3 O-O 13. Bb3 Nd7 14. f5 Bxc3 15.
bxc3 Nce5 16. Qf2 Nf6 17. Bd4 Nxe4 18. Qe3 Nc5 19. Qh6 Nxb3 20. axb3 Qd5 21.
Rf4 f6 22. Bxe5 g5 23. Bxf6 exf6 24. Rf3 1/2-1/2

[Event "Bundesliga 9596"]
[Site "Deutschland"]
[Date "1996.??.??"]
[Round "?.7"]
[White "Goetz, Ralph"]
[Black "Pirrot, Dieter"]
[Result "1/2-1/2"]
[WhiteElo "2335"]
[BlackElo "2405"]
[PlyCount "57"]
[EventDate "1995.10.??"]
[EventType "team"]
[EventRounds "15"]
[EventCountry "GER"]
[SourceTitle "Bundesliga 9596"]
[Source "DeepChess"]
[SourceDate "2005.01.01"]
[SourceVersion "1"]
[SourceVersionDate "2005.01.01"]
[SourceQuality "1"]
[WhiteTeam "SK Passau 1869"]
[BlackTeam "PSV Turm Duisburg 1920 e.V."]
[WhiteTeamCountry "GER"]
[BlackTeamCountry "GER"]

1. d4 Nf6 2. Nf3 e6 3. g3 b6 4. Bg2 Bb7 5. O-O Be7 6. c4 O-O 7. Nc3 Bb4 8. Qc2
Bxc3 9. Qxc3 d6 10. b3 Nbd7 11. Bb2 Qe7 12. Rad1 Be4 13. d5 e5 14. Nh4 Rae8 15.
Bxe4 Nxe4 16. Qc2 Nef6 17. Nf5 Qd8 18. b4 g6 19. Nh4 Qe7 20. e4 Ra8 21. Bc3 a5
22. a3 axb4 23. axb4 Ra3 24. Bb2 Ra2 25. Ra1 Rfa8 26. Rxa2 Rxa2 27. Qb3 Ra7 28.
f3 Qe8 29. Ra1 1/2-1/2

[Event "Bundesliga 9596"]
[Site "Deutschland"]
[Date "1995.??.??"]
[Round "?.3"]
[White "Unzicker, Wolfgang"]
[Black "Siegel, Georg"]
[Result "1-0"]
[WhiteElo "2450"]
[BlackElo "2480"]
[PlyCount "75"]
[EventDate "1995.10.??"]
[EventType "team"]
[EventRounds "15"]
[EventCountry "GER"]
[SourceTitle "Bundesliga 9596"]
[Source "DeepChess"]
[SourceDate "2005.01.01"]
[SourceVersion "1"]
[SourceVersionDate "2005.01.01"]
[SourceQuality "1"]
[WhiteTeam "PSV Turm Duisburg 1920 e.V."]
[BlackTeam "SK Zaehringen 1921"]
[WhiteTeamCountry "GER"]
[BlackTeamCountry "GER"]

1. e4 e5 2. Nf3 Nc6 3. Bb5 a6 4. Ba4 Nf6 5. O-O Be7 6. Re1 b5 7. Bb3 d6 8. c3
O-O 9. d4 Bg4 10. Be3 exd4 11. cxd4 Na5 12. Bc2 Nc4 13. Bc1 c5 14. b3 Nb6 15.
Nbd2 Nfd7 16. Bb2 Re8 17. h3 Bh5 18. a4 Bf6 19. Qb1 Bg6 20. Bd3 bxa4 21. bxa4
cxd4 22. a5 Nc8 23. Nxd4 Na7 24. Bxa6 Nc5 25. Bc4 d5 26. Bxd5 Rb8 27. N2f3 Nxe4
28. Bxe4 Rxe4 29. Rxe4 Qd5 30. Nd2 h5 31. Qc2 Rc8 32. Qd3 Bg5 33. Qe2 Bxd2 34.
Re5 Qd6 35. Rd1 Bf4 36. Nf5 Qxd1+ 37. Qxd1 Bxe5 38. Ne7+ 1-0

[Event "Bundesliga 9596"]
[Site "Deutschland"]
[Date "1995.??.??"]
[Round "?.4"]
[White "Mohr, Stefan"]
[Black "Keitlinghaus, Ludger"]
[Result "1-0"]
[WhiteElo "2440"]
[BlackElo "2500"]
[PlyCount "81"]
[EventDate "1995.10.??"]
[EventType "team"]
[EventRounds "15"]
[EventCountry "GER"]
[SourceTitle "Bundesliga 9596"]
[Source "DeepChess"]
[SourceDate "2005.01.01"]
[SourceVersion "1"]
[SourceVersionDate "2005.01.01"]
[SourceQuality "1"]
[WhiteTeam "SK Zaehringen 1921"]
[BlackTeam "PSV Turm Duisburg 1920 e.V."]
[WhiteTeamCountry "GER"]
[BlackTeamCountry "GER"]

1. d4 d5 2. c4 c6 3. Nc3 Nf6 4. e3 a6 5. Qc2 b5 6. b3 Bg4 7. Nge2 Nbd7 8. Ng3
e5 9. h3 Be6 10. dxe5 Nxe5 11. f4 Bd6 12. c5 Bc7 13. Nce2 Ng6 14. Nd4 Bd7 15.
Bd3 O-O 16. Bd2 Re8 17. O-O Nh4 18. Rfe1 Qc8 19. Kh2 a5 20. Re2 a4 21. b4 Ra7
22. Bc3 Bb8 23. Nf3 Qd8 24. Ne5 Ng6 25. Nxd7 Rxd7 26. Bd4 Nh4 27. Rf1 Qe7 28.
Qb2 Rdd8 29. Kg1 Kf8 30. a3 Kg8 31. Bxf6 Qxf6 32. Qxf6 gxf6 33. Nh5 Re7 34.
Nxf6+ Kg7 35. Nh5+ Kh8 36. g3 Ng6 37. Kg2 Rde8 38. Rfe1 Rg8 39. Kf3 Be5 40. Rd1
Bc3 41. Rc2 1-0

[Event "Bundesliga 9596"]
[Site "Deutschland"]
[Date "1995.??.??"]
[Round "?.5"]
[White "Enders, Peter"]
[Black "Brendel, Oliver"]
[Result "1/2-1/2"]
[WhiteElo "2470"]
[BlackElo "2385"]
[PlyCount "104"]
[EventDate "1995.10.??"]
[EventType "team"]
[EventRounds "15"]
[EventCountry "GER"]
[SourceTitle "Bundesliga 9596"]
[Source "DeepChess"]
[SourceDate "2005.01.01"]
[SourceVersion "1"]
[SourceVersionDate "2005.01.01"]
[SourceQuality "1"]
[WhiteTeam "PSV Turm Duisburg 1920 e.V."]
[BlackTeam "SK Zaehringen 1921"]
[WhiteTeamCountry "GER"]
[BlackTeamCountry "GER"]

1. e4 c5 2. Nf3 Nc6 3. d4 cxd4 4. Nxd4 g6 5. c4 Nf6 6. Nc3 Nxd4 7. Qxd4 d6 8.
Be2 Bg7 9. Be3 O-O 10. Qd2 Be6 11. O-O Qa5 12. Rab1 Rfc8 13. b3 Ng4 14. Nd5
Qxd2 15. Bxd2 Kf8 16. Bxg4 Bxg4 17. Bg5 e6 18. Nf6 h6 19. Bxh6 Be2 20. Rfe1
Bxc4 21. Nd7+ Kg8 22. Bxg7 Kxg7 23. Rbd1 Bb5 24. Rxd6 Bxd7 25. Rxd7 Rc2 26. a4
b5 27. axb5 Rb2 28. h4 Rxb3 29. Rb7 Rc8 30. Re2 Rc5 31. Rxa7 Rcxb5 32. e5 Rb2
33. Re3 R2b3 34. Rxb3 Rxb3 35. Kh2 Rb5 36. f4 Rb3 37. g3 Re3 38. Kh3 Rc3 39.
Kg4 Rb3 40. Ra1 Kh6 41. Rh1 Ra3 42. h5 gxh5+ 43. Rxh5+ Kg7 44. Rh1 Kg6 45. Rb1
Rc3 46. Rb6 Kg7 47. Rb1 Kg6 48. Rf1 Ra3 49. Rf3 Ra1 50. Rb3 Rg1 51. Ra3 Kh6 52.
Kf3 Rb1 1/2-1/2

[Event "Bundesliga 9596"]
[Site "Deutschland"]
[Date "1995.??.??"]
[Round "?.6"]
[White "Schmaltz, Roland"]
[Black "Thesing, Matthias"]
[Result "0-1"]
[WhiteElo "2450"]
[BlackElo "2410"]
[PlyCount "60"]
[EventDate "1995.10.??"]
[EventType "team"]
[EventRounds "15"]
[EventCountry "GER"]
[SourceTitle "Bundesliga 9596"]
[Source "DeepChess"]
[SourceDate "2005.01.01"]
[SourceVersion "1"]
[SourceVersionDate "2005.01.01"]
[SourceQuality "1"]
[WhiteTeam "SK Zaehringen 1921"]
[BlackTeam "PSV Turm Duisburg 1920 e.V."]
[WhiteTeamCountry "GER"]
[BlackTeamCountry "GER"]

1. e4 c5 2. Nf3 e6 3. d4 cxd4 4. Nxd4 a6 5. Nc3 Qc7 6. f4 b5 7. Bd3 Nc6 8. Nf3
Nb4 9. O-O Bb7 10. Kh1 Nf6 11. Be3 d5 12. e5 Ne4 13. Bxe4 dxe4 14. Ng5 Be7 15.
f5 exf5 16. Rxf5 Rd8 17. Qe2 Qc4 18. Qf2 O-O 19. Rf1 Bc8 20. Ncxe4 Bxg5 21.
Bxg5 Bxf5 22. Qxf5 Rd4 23. Nd6 Qxc2 24. a3 Rd1 25. Qf3 Rxf1+ 26. Qxf1 Nd5 27.
h3 h6 28. Bc1 Ne7 29. Kh2 Ng6 30. Qe1 Qc5 0-1

[Event "Bundesliga 9596"]
[Site "Deutschland"]
[Date "1995.??.??"]
[Round "?.7"]
[White "Pirrot, Dieter"]
[Black "Maier, Christian"]
[Result "1-0"]
[WhiteElo "2400"]
[BlackElo "2350"]
[PlyCount "53"]
[EventDate "1995.10.??"]
[EventType "team"]
[EventRounds "15"]
[EventCountry "GER"]
[SourceTitle "Bundesliga 9596"]
[Source "DeepChess"]
[SourceDate "2005.01.01"]
[SourceVersion "1"]
[SourceVersionDate "2005.01.01"]
[SourceQuality "1"]
[WhiteTeam "PSV Turm Duisburg 1920 e.V."]
[BlackTeam "SK Zaehringen 1921"]
[WhiteTeamCountry "GER"]
[BlackTeamCountry "GER"]

1. e4 e6 2. d4 d5 3. e5 c5 4. c3 Nd7 5. Bd3 Ne7 6. Ne2 Nc6 7. Nd2 cxd4 8. cxd4
f6 9. Nf4 Nxd4 10. Qh5+ Ke7 11. exf6+ Nxf6 12. Ng6+ hxg6 13. Qxh8 e5 14. Nf3
Nxf3+ 15. gxf3 Bf5 16. Bxf5 gxf5 17. Bg5 Ke6 18. O-O-O Qb6 19. Rd2 Rd8 20. Kb1
Kf7 21. Qh3 Qe6 22. Rc1 Rd7 23. Bxf6 Qxf6 24. Rc8 d4 25. f4 exf4 26. Qb3+ Kg6
27. Rxf8 1-0

[Event "Bundesliga 9596"]
[Site "Deutschland"]
[Date "1995.??.??"]
[Round "?.8"]
[White "Herbrechtsmeier, Christof"]
[Black "Prang, Edgar"]
[Result "1/2-1/2"]
[WhiteElo "2330"]
[BlackElo "2335"]
[PlyCount "65"]
[EventDate "1995.10.??"]
[EventType "team"]
[EventRounds "15"]
[EventCountry "GER"]
[SourceTitle "Bundesliga 9596"]
[Source "DeepChess"]
[SourceDate "2005.01.01"]
[SourceVersion "1"]
[SourceVersionDate "2005.01.01"]
[SourceQuality "1"]
[WhiteTeam "SK Zaehringen 1921"]
[BlackTeam "PSV Turm Duisburg 1920 e.V."]
[WhiteTeamCountry "GER"]
[BlackTeamCountry "GER"]

1. e4 e6 2. d4 d5 3. Nc3 Bb4 4. e5 c5 5. a3 cxd4 6. axb4 dxc3 7. Nf3 Ne7 8. Bd3
Nd7 9. b5 Ng6 10. Bxg6 hxg6 11. bxc3 Qc7 12. Qd4 Rh5 13. Kd1 Nb6 14. Ba3 Nc4
15. Bd6 Nxd6 16. exd6 Qxd6 17. Qxg7 e5 18. Kc1 Bg4 19. Nxe5 Be6 20. Qg8+ Qf8
21. Qxf8+ Kxf8 22. f4 Ke7 23. Kd2 Kd6 24. Nf3 Bf5 25. h3 Be4 26. Rhf1 Kc5 27.
Rab1 f6 28. Rf2 Bxf3 29. Rxf3 Re8 30. Ra1 Kb6 31. Rd3 Rf5 32. Rf3 Re4 33. Raf1
1/2-1/2

[Event "Bundesliga 9596"]
[Site "Deutschland"]
[Date "1995.??.??"]
[Round "?.2"]
[White "Hoffmann, Michael"]
[Black "Unzicker, Wolfgang"]
[Result "1/2-1/2"]
[WhiteElo "2485"]
[BlackElo "2450"]
[PlyCount "58"]
[EventDate "1995.10.??"]
[EventType "team"]
[EventRounds "15"]
[EventCountry "GER"]
[SourceTitle "Bundesliga 9596"]
[Source "DeepChess"]
[SourceDate "2005.01.01"]
[SourceVersion "1"]
[SourceVersionDate "2005.01.01"]
[SourceQuality "1"]
[WhiteTeam "SV Castrop Rauxel 1923"]
[BlackTeam "PSV Turm Duisburg 1920 e.V."]
[WhiteTeamCountry "GER"]
[BlackTeamCountry "GER"]

1. c4 e6 2. g3 Nf6 3. Bg2 d5 4. Nf3 dxc4 5. Qa4+ Nbd7 6. Qxc4 a6 7. Qb3 Rb8 8.
O-O b5 9. d4 Bb7 10. Bf4 Nd5 11. Nc3 Nxf4 12. gxf4 c5 13. d5 c4 14. Qd1 exd5
15. Nxd5 Nc5 16. Ne5 Bd6 17. b3 cxb3 18. axb3 O-O 19. e3 Re8 20. Nd3 Ne4 21.
N3b4 a5 22. Na2 b4 23. Rc1 Nc5 24. Re1 Rc8 25. Re2 Bf8 26. Rd2 Qh4 27. Rc4 Ba6
28. Rcd4 Ne6 29. Re4 Qh6 1/2-1/2

[Event "Bundesliga 9596"]
[Site "Deutschland"]
[Date "1995.??.??"]
[Round "?.3"]
[White "Keitlinghaus, Ludger"]
[Black "Watson, William N"]
[Result "1/2-1/2"]
[WhiteElo "2500"]
[BlackElo "2530"]
[PlyCount "29"]
[EventDate "1995.10.??"]
[EventType "team"]
[EventRounds "15"]
[EventCountry "GER"]
[SourceTitle "Bundesliga 9596"]
[Source "DeepChess"]
[SourceDate "2005.01.01"]
[SourceVersion "1"]
[SourceVersionDate "2005.01.01"]
[SourceQuality "1"]
[WhiteTeam "PSV Turm Duisburg 1920 e.V."]
[BlackTeam "SV Castrop Rauxel 1923"]
[WhiteTeamCountry "GER"]
[BlackTeamCountry "GER"]

1. d4 Nf6 2. Nf3 g6 3. Nc3 d5 4. Bf4 Bg7 5. Nb5 Na6 6. e3 Bf5 7. Be2 c6 8. Nc3
Qb6 9. Qd2 O-O 10. O-O Ne4 11. Nxe4 Bxe4 12. c3 Nc7 13. Ne5 Rad8 14. Bg3 f6 15.
Nd3 1/2-1/2

[Event "Bundesliga 9596"]
[Site "Deutschland"]
[Date "1995.??.??"]
[Round "?.4"]
[White "Libeau, Rene"]
[Black "Raetsky, Alexander"]
[Result "1-0"]
[WhiteElo "2460"]
[BlackElo "2505"]
[PlyCount "109"]
[EventDate "1995.10.??"]
[EventType "team"]
[EventRounds "15"]
[EventCountry "GER"]
[SourceTitle "Bundesliga 9596"]
[Source "DeepChess"]
[SourceDate "2005.01.01"]
[SourceVersion "1"]
[SourceVersionDate "2005.01.01"]
[SourceQuality "1"]
[WhiteTeam "SV Castrop Rauxel 1923"]
[BlackTeam "PSV Turm Duisburg 1920 e.V."]
[WhiteTeamCountry "GER"]
[BlackTeamCountry "GER"]

1. c4 e5 2. Nc3 Nf6 3. Nf3 Nc6 4. a3 g6 5. d4 exd4 6. Nxd4 Bg7 7. Nc2 O-O 8. g3
Ne5 9. b3 Nfg4 10. Ne4 d5 11. Qxd5 Bf5 12. Bg2 Nxf2 13. Kxf2 Ng4+ 14. Ke1 Qe8
15. Bg5 c6 16. Qd3 h6 17. Bh4 Qe6 18. h3 Ne5 19. Qe3 g5 20. Nd4 Qg6 21. Nxf5
Qxf5 22. g4 Qg6 23. Bg3 Nxc4 24. bxc4 Bxa1 25. Nd6 Rad8 26. c5 Bb2 27. h4 Qe6
28. Be4 Rxd6 29. cxd6 Re8 30. d7 Qxd7 31. Qf3 Qd4 32. Bd3 Bc3+ 33. Kf1 Qf6 34.
hxg5 hxg5 35. Qxf6 Bxf6 36. Kg2 Be5 37. Rb1 b6 38. Bf2 c5 39. Kf3 Kg7 40. Be3
Rd8 41. Bc4 Bf6 42. a4 Rd6 43. Bd3 Be7 44. Bc4 Bf6 45. Bb3 Rc6 46. Rc1 Rc7 47.
Rc2 Kf8 48. Bc4 Be7 49. Rd2 Rc6 50. Rd7 a6 51. Rd5 Rh6 52. Bxa6 Rh3+ 53. Ke4
Rg3 54. Bc8 c4 55. Rd2 1-0

[Event "Bundesliga 9596"]
[Site "Deutschland"]
[Date "1995.??.??"]
[Round "?.5"]
[White "Thesing, Matthias"]
[Black "Appel, Ralf"]
[Result "1/2-1/2"]
[WhiteElo "2410"]
[BlackElo "2430"]
[PlyCount "111"]
[EventDate "1995.10.??"]
[EventType "team"]
[EventRounds "15"]
[EventCountry "GER"]
[SourceTitle "Bundesliga 9596"]
[Source "DeepChess"]
[SourceDate "2005.01.01"]
[SourceVersion "1"]
[SourceVersionDate "2005.01.01"]
[SourceQuality "1"]
[WhiteTeam "PSV Turm Duisburg 1920 e.V."]
[BlackTeam "SV Castrop Rauxel 1923"]
[WhiteTeamCountry "GER"]
[BlackTeamCountry "GER"]

1. e4 Nf6 2. e5 Nd5 3. d4 d6 4. c4 Nb6 5. exd6 exd6 6. Nc3 Be7 7. Nf3 O-O 8.
Be2 Nc6 9. O-O Bg4 10. b3 Bf6 11. Be3 d5 12. c5 Nc8 13. h3 Be6 14. Bd3 N8e7 15.
g4 Qd7 16. Ne2 Ng6 17. Nh2 Bd8 18. f4 f5 19. g5 Qe8 20. Nf3 Nb4 21. Bb1 Bd7 22.
Bc1 a5 23. a3 Nc6 24. Bd3 Nce7 25. Nc3 c6 26. Be3 Bc7 27. Qd2 Qb8 28. Ne2 b6
29. h4 Rf7 30. h5 Nf8 31. Ne5 Bxe5 32. dxe5 bxc5 33. Bxc5 Ne6 34. Bxe7 Rxe7 35.
b4 Qa7+ 36. Kg2 Nd4 37. Nxd4 Qxd4 38. Rfd1 Ree8 39. Qf2 Qc3 40. Qc5 axb4 41.
Qxb4 Qxb4 42. axb4 Kf8 43. Kf2 Reb8 44. Rxa8 Rxa8 45. Ke3 Ke7 46. Rh1 Ra3 47.
h6 g6 48. Kd4 Ke6 49. Rd1 Ra2 50. Rb1 Rf2 51. Ke3 Ra2 52. Rb3 Bc8 53. Rc3 Bd7
54. Rc2 Ra3 55. Rb2 Ra1 56. Kd4 1/2-1/2